000
00332nam a22001457a 4500
020
_a
81-88759-58-9
082
_a
823
_b
JUD/G
100
_a
JUDE, BRAIN
245
_a
GOPAL AND PARAMANAND
260
_a
CHENNAI
_b
SPIDER BOOKS
300
_a
32
520
_a
ENGLISH SHORT STORY
650
_a
ENGLISH SHORT STORY
_z
CHENNAI
942
_c
BK
999
_c
5660
_d
5660